00770cam a22002177a 4500003000500000005001700005008004100022010000800063011000900071035000800080040000900088100003400097245019500131260004000326300001100366500001000377502008400387650002100471650002400492700003600516CHAP20251107115950.0971013s1989 r 00010 d a332 a1304 a480 cCHAP10aTorres Hernández, Heriberto13aEl procesamiento industrial del limón mexicano (Citrus aurantifolia, Swingle) en Cítricos de Colima, S. A. de C. V.; Tecomán, Col. : bases para su modelación y optimización parcial aChapingo, Méx. :bEl autor,c1989 a204 h. a36-40 aTesis (Ing. Agrindustrial) -- UACH. Departamento de Ingeniería Agroindustrial14aLimónxColima.14aLimónxIndustria.0 aIbarra Moncada, María Carmen.